Name of Super Meat Boy OST - Statistics

General Stats
  • This quiz has been taken 14 times
  • The average score is 13 of 79
Answer Stats
Titles % Correct
Ballad Of The Burning Squirrel (Ch 1 Dark World)
67%
Hot Damned (Ch 4 Light World)
67%
Betus Blues (Ch 2 Light World)
50%
C.H.A.D.'s Lullaby (Ch 2 Boss)
50%
Dr. Fetus' Castle (Ch 5 Dark World)
50%
Fast Track To Browntown (Ch 3 Boss)
50%
Forest Funk (Ch 1 Light World)
50%
It Ends (Ch 5 Light World)
50%
Carmeaty Burana (Ch 6 Boss)
33%
C.H.A.D.'s Broken Wind (Ch 2 Dark World)
33%
Devil N' Bass (Ch 4 Dark World)
33%
Meat Spin (Teh Internets Levels)
33%
Rocket Rider (Ch 3 Dark World)
33%
Super Meat Boy! (Main Theme)
33%
The Battle Of Lil' Slugger (Ch 1 Boss)
33%
The Battle Of Lil' Slugger (Ch 1 Boss Extended Cut)
33%
Betus Blues RETRO (Ch 2 Warp Zone)
17%
Betus Blues RETRO (Ch 2 Warp Zone Extended Cut)
17%
Big Giant Throbbing Rocket (Remix)
17%
Boss Burger N' Chips (Remix)
17%
Boy Meats Girl (Intro Movie)
17%
Can O' Salt (Ch 3 Light World)
17%
Can O' Salt (Ch 3 Light World Extended Cut)
17%
Can O' Salt RETRO (Ch 3 Warp Zone)
17%
Chapter 1 Menus
17%
Chapter 2 Menus
17%
Chapter 3 Menus
17%
Chapter 4 Menus
17%
Chapter 5 Menus
17%
Chapter 6 Menus
17%
Character Select Theme (Unused)
17%
End Credits
17%
Escape!
17%
Forest Funk RETRO (Ch 1 Warp Zone)
17%
Hot Damned RETRO (Ch 4 Warp Zone)
17%
It Ends 2: End Harder (Ch 6 Levels)
17%
It Ends RETRO (Ch 5 Warp Zone)
17%
It Ends With A Whimper
17%
Just Love (Remix)
17%
Larries' Lament (Ch 5 Boss)
17%
McLarty Party People (Ch 7 Levels)
17%
Meat Boy (Flash) - Forest
17%
Meat Boy (Flash) - Hell
17%
Meat Boy (Flash) - Salt Factory
17%
Meat Boy (Flash) - Title
17%
Meat Golem (Ch 4 Boss)
17%
Tetanus Blues (Remix)
17%
World Map Theme
17%
World Map Theme (Unused)
17%
4-bit Internets Menus
0%
4-bit Meat Boy Theme
0%
8-bit Internets Levels
0%
90's Ad Track
0%
Acapella Rockapella Soundtrack Medley
0%
...And Potatoes
0%
Chapter 2 Cutscene Score
0%
Chapter 3 Cutscene Score
0%
Chapter 4 Cutscene Score
0%
Chapter 5 Cutscene Score
0%
Chapter 6 Cutscene Score
0%
Character Select Theme 2 (Unused)
0%
Cotton Alley Menus
0%
Demo Cutscene Score
0%
Dun Dun Dun!!!
0%
Dun Dun Dun? (Unused)
0%
Internets Menus
0%
mAEt b0y (Remix)
0%
MATTIAS' MANMEAT MIX (Remix)
0%
Meatcraft (Remix)
0%
Meat Fighter II
0%
Meatroidvania
0%
Metal Meat (Remix)
0%
Power Of The Meat (Remix)
0%
Spoiled R0TT3N (Remix)
0%
The End Cutscene Score
0%
The Tragic Squirrel
0%
Trailer Intro
0%
World Map Theme 2 (Unused)
0%
Wups!
0%
No matching quizzes found
Score Distribution
Percent of People with Each Score
Percentile by Number Answered
Your Score History
You have not taken this quiz